| 000 | 01429cam a22003738i 4500 | ||
|---|---|---|---|
| 001 | 18247366 | ||
| 003 | USPCAS-E | ||
| 005 | 20180118181421.0 | ||
| 008 | 140730t20142014enk b 001 0 eng c | ||
| 010 | _a 2014014045 | ||
| 020 | _a9780123838605 | ||
| 040 |
_aOU/DLC _beng _erda _cOU |
||
| 042 | _apcc | ||
| 050 | 0 | 0 |
_aTJ265 _b.D54 2014 |
| 082 | 0 | 0 |
_a621.31 _223 _bDIN-A 2014 |
| 100 | 1 |
_aDinçer, İbrahim, _d1964- _eauthor. |
|
| 245 | 1 | 0 |
_aAdvanced power generation systems / _cby İbrahim Dinçer, Calin Zamfirescu. |
| 250 | _aFirst edition. | ||
| 263 | _a1408 | ||
| 300 | _apages cm | ||
| 502 | _a. | ||
| 504 | _aIncludes bibliographical references and index. | ||
| 505 | 0 | _aFundamentals of thermodynamics -- Energy, environment, and sustainable development -- Fossil fuels and alternatives -- Hydrogen fuel cell systems -- Conventional power generating systems -- Nuclear power generation -- Renewable-energy-based power generating systems -- Integrated power generating systems -- Multigeneration systems -- Novel power generating systems. | |
| 650 | 0 | _aThermodynamics. | |
| 650 | 0 | _aThermodynamic cycles. | |
| 650 | 0 | _aEnergy development. | |
| 650 | 0 | _aRenewable energy sources. | |
| 650 | 0 | _aSustainable development. | |
| 650 | 0 | _aElectric power production. | |
| 700 | 1 |
_aZamfirescu, Calin, _eauthor. |
|
| 906 |
_a7 _bcbc _corignew _d1 _eecip _f20 _gy-gencatlg |
||
| 942 |
_2ddc _cBK |
||
| 999 |
_c356032 _d356032 |
||